Contribution to the comparison of the theories of Bourdieu and Luhmann

Elmentve itt :
Bibliográfiai részletek
Szerző: Pokol Béla
Dokumentumtípus: Cikk
Megjelent: 2004
Sorozat:Acta Universitatis Szegediensis : acta juridica et politica 65 No. 1-44
Kulcsszavak:Jogtudomány
Online Access:http://acta.bibl.u-szeged.hu/7234
LEADER 00656nab a2200181 i 4500
001 acta7234
005 20210128121408.0
008 161015s2004 hu o 0|| eng d
022 |a 0324-6523 
040 |a SZTE Egyetemi Kiadványok Repozitórium  |b hun 
041 |a eng 
100 1 |a Pokol Béla 
245 1 0 |a Contribution to the comparison of the theories of Bourdieu and Luhmann  |h [elektronikus dokumentum] /  |c  Pokol Béla 
260 |c 2004 
300 |a 715-730 
490 0 |a Acta Universitatis Szegediensis : acta juridica et politica  |v 65 No. 1-44 
695 |a Jogtudomány 
856 4 0 |u http://acta.bibl.u-szeged.hu/7234/1/juridpol_065_715-730.pdf  |z Dokumentum-elérés